Anar al contingut

Метформин и онкологическая заболеваемость Статья

Guardat en:
Dades bibliogràfiques
Autor principal: Берштейн Л.М
Format: Статья
Accés en línia:https://znanium.com/catalog/document?id=126928
https://znanium.com/cover/0499/499749.jpg
Etiquetes: Afegir etiqueta
Sense etiquetes, Sigues el primer a etiquetar aquest registre!
LEADER 01139nam0a2200217 i 4500
001 RU\infra-m\znanium\bibl\499749
003 https://znanium.com/catalog/document?id=126928
005 20200302000000.0
100 |a 20200302d2014 m y0rusy0150 ca 
101 0 |a rus 
102 |a RU 
200 1 |a Метформин и онкологическая заболеваемость  |e Статья 
210 1 |a Москва  |c ФГБУ "Эндокринологический научный центр" МинЗдрав РФ  |d 2010 
215 |a 5 с. 
333 |a Аспирантура 
606 |a Медицина. Фармакология  |x Эндокринология и болезни обмена веществ  |2 local 
608 |a Статья  |2 local 
700 1 |a Берштейн  |b Л.М. 
801 0 |a RU  |b Общество с ограниченной ответственностью «ЗНАНИУМ»  |c 20141212  |2 rusmarc 
856 4 |a znanium.com  |m ebs_support@infra-m.ru  |n НИЦ ИНФРА-М  |u https://znanium.com/catalog/document?id=126928 
856 4 1 |a znanium.com  |d /cover/0499  |f 499749.jpg  |q image/jpeg  |u https://znanium.com/cover/0499/499749.jpg 
Cannot write session to /tmp/vufind_sessions/sess_9qaf4vcdu0togas229u7l4svb9